000 00350nam a2200133Ia 4500
008 150201s2006 xx 000 0 und d
082 _a616.079
_bS06W
100 _aWHO
245 _aSTATE OF THE WORLD'S VACCINES AND IMMUNIZATION
250 _a1ST
260 _bAITBS
_aDELHI
_c2006
650 _aOTHER CLINICAL & NON CLINICAL BOOKS
942 _2ddc
_cBK
999 _c1163
_d1163